Rafael Urzvá, Arquitecto (Registro nro. 135258)

Detalles MARC
000 -LEADER
fixed length control field 00746nam a22002417a 4500
005 - DATE AND TIME OF LATEST TRANSACTION
control field 20170628140832.0
008 - FIXED-LENGTH DATA ELEMENTS--GENERAL INFORMATION
fixed length control field 170628b mx ||||| |||| 00| 0 spa d
050 04 - LIBRARY OF CONGRESS CALL NUMBER
Classification number NA759.U79
Item number L36 2000
100 1# - MAIN ENTRY--PERSONAL NAME
Personal name Lanzagorta Vallín, Juan
245 10 - TITLE STATEMENT
Title Rafael Urzvá, Arquitecto
Statement of responsibility, etc /Juan Lanzagorta Vallín
250 ## - EDITION STATEMENT
Edition statement 1a ed.
260 ## - PUBLICATION, DISTRIBUTION, ETC. (IMPRINT)
Place of publication, distribution, etc México :
Name of publisher, distributor, etc Agata,
260 ## - PUBLICATION, DISTRIBUTION, ETC. (IMPRINT)
Name of publisher, distributor, etc El informador
260 ## - PUBLICATION, DISTRIBUTION, ETC. (IMPRINT)
Name of publisher, distributor, etc Secretaria de Cultura de Gobierno del Estado de Jalisco,
300 ## - PHYSICAL DESCRIPTION
Extent 218 p. :
Other physical details il.;
Dimensions 22 cm.
504 ## - BIBLIOGRAPHY, ETC. NOTE
Bibliography, etc Incluye bibliografias e índice
600 1# - SUBJECT ADDED ENTRY--PERSONAL NAME
Personal name Urzva, Rafael,
Dates associated with a name 1905-1991
650 #7 - SUBJECT ADDED ENTRY--TOPICAL TERM
Source of heading or term lemb
710 1# - ADDED ENTRY--CORPORATE NAME
Corporate name or jurisdiction name as entry element Agata
710 1# - ADDED ENTRY--CORPORATE NAME
Corporate name or jurisdiction name as entry element El informador
710 1# - ADDED ENTRY--CORPORATE NAME
Corporate name or jurisdiction name as entry element Secretaria de Cultura de Gobierno del Estado de Jalisco,
942 ## - ADDED ENTRY ELEMENTS (KOHA)
Source of classification or shelving scheme Biblioteca del Cogreso de los Estados Unidos
Koha item type Libro
Existencias
Estado de pérdida Fuente de clasificación Estado del daño No para préstamo Ubicación permanente Ubicación actual Apartado o colección Fecha de adquisición Edición Área del conocimiento Clasificación Código de Barras Date last seen Número de copia Tipo de recurso
  Biblioteca del Cogreso de los Estados Unidos     Biblioteca de la Facultad de Arquitectura Biblioteca de la Facultad de Arquitectura General 28/06/2017 1a ed. Educación y Humanidades NA759.U79 L36 2000 BFA000002121 28/06/2017 C:1 Libro